Philosophiae Scholasticae summa. (Record no. 98493)

MARC details
000 -LEADER
campo de control de longitud fija 00697nam a2200217 i 4500
001 - NÚMERO DE CONTROL
campo de control 98493
003 - IDENTIFICADOR DE NÚMERO DE CONTROL
campo de control ES-MaACL
007 - CAMPO FIJO DE DESCRIPCIÓN FÍSICA--INFORMACIÓN GENERAL
campo de control de longitud fija t|
008 - DATOS DE LONGITUD FIJA--INFORMACIÓN GENERAL
campo de control de longitud fija 050923s1952 sp ||||1| lat d
080 ## - NÚMERO DE LA CLASIFICACIÓN DECIMAL UNIVERSAL
Número de la Clasificación Decimal Universal 1(02)
245 00 - MENCIÓN DEL TÍTULO
Título Philosophiae Scholasticae summa.
260 ## - PUBLICACIÓN, DISTRIBUCIÓN, ETC.
Lugar de publicación, distribución, etc. Madrid :
Nombre del editor, distribuidor, etc. Editorial Católica,
Fecha de publicación, distribución, etc. 1952.
300 ## - DESCRIPCIÓN FÍSICA
Extensión 1 v. ;
Dimensiones 20 cm.
490 1# - MENCIÓN DE SERIE
Mención de serie Biblioteca de autores cristianos ;
Designación de volumen o secuencia 92
505 8# - NOTA DE CONTENIDO CON FORMATO
Nota de contenido con formato Contiene: v.3. Theodicea. Ethica / auctoribus Iosepho Hellin, Irenaeo González .- XXV, 915 p.
700 1# - ENTRADA AGREGADA--NOMBRE PERSONAL
Nombre de persona Hellín, José.
9 (RLIN) 62450
700 1# - ENTRADA AGREGADA--NOMBRE PERSONAL
Nombre de persona González Moral, Ireneo.
9 (RLIN) 58822
830 00 - PUNTO DE ACCESO ADICIONAL DE SERIE-TÍTULO UNIFORME
Título uniforme Biblioteca de autores cristianos
Designación de volumen o secuencia 92
9 (RLIN) 178679
852 ## - LOCALIZACIÓN
Ubicación ES-MaACL
Número de control de estantería E-4202
Holdings
Estatus retirado Estado de pérdida Estado de daño No para préstamo Biblioteca de origen Biblioteca actual Ubicación en estantería Fecha de adquisición Fuente de adquisición Total de préstamos Signatura topográfica completa Código de barras Visto por última vez Precio de reemplazo Tipo de ítem Koha
        Biblioteca del Ateneo de Madrid Biblioteca del Ateneo de Madrid Depósito 2 17/01/2008     E-4202 1102827 23/02/2023 23/02/2023 Libro impreso